European Countries that have never won an Olympic medal - Statistics

General Stats
  • This quiz has been taken 158 times
  • The average score is 4 of 5
Answer Stats
Population NOC % Correct
38,695 Monaco
91%
33,400 San Marino
91%
76,965 Andorra
90%
2,873,000 Albania
53%
3,507,000 Bosnia & Herzegovina
52%
No matching quizzes found
Score Distribution
Percent of People with Each Score
Percentile by Number Answered
Your Score History
You have not taken this quiz